[Event "GER-ch U12"]
[Site "Oberhof"]
[Date "2011.06.17"]
[Round "10"]
[White "Boussonville, Anna"]
[Black "Zech, Anna"]
[Result "0-1"]
[WhiteElo "996"]
[BlackElo "957"]
[PlyCount "108"]
[EventDate "2011.06.11"]
[EventType "swiss"]
[EventRounds "11"]
[EventCountry "GER"]
[SourceTitle "CBM 142 Extra"]
[Source "ChessBase"]
[SourceDate "2011.06.27"]
[SourceVersion "1"]
[SourceVersionDate "2011.06.27"]
[SourceQuality "1"]

1. e4 Nf6 2. Nc3 d5 3. exd5 Nxd5 4. Nxd5 Qxd5 5. Nf3 Bg4 6. Be2 Nc6 7. d3 0-0-0 8. 0-0 e5 9. Be3 Bc5 10. Bxc5 Qxc5 11. h3 Be6 12. Qc1 Nd4 13. Nxd4 Qxd4 14. Re1 f5 15. c3 Qb6 16. b4 Rhe8 17. a4 e4 18. dxe4 fxe4 19. a5 Qc6 20. Qc2 Bc4 21. Bxc4 Qxc4 22. Rad1 Rxd1 23. Rxd1 g6 24. Re1 Re6 25. g3 Kd7 26. Rd1+ Rd6 27. Rxd6+ cxd6 28. g4 Qd3 29. Qxd3 exd3 30. Kf1 Ke6 31. Ke1 Ke5 32. Kd2 Ke4 33. f3+ Kxf3 34. Kxd3 Kg3 35. c4 Kxh3 36. Kd4 Kxg4 37. Kd5 h5 38. Kxd6 h4 39. c5 h3 40. b5 h2 41. c6 h1Q 42. c7 Qd1+ 43. Kc5 Qd7 44. b6 a6 45. Kc4 Kf3 46. Kc5 g5 47. Kc4 g4 48. c8Q Qxc8+ 49. Kd4 g3 50. Kd3 g2 51. Kd4 g1Q+ 52. Kd5 Qc6+ 53. Ke5 Qe3+ 54. Kf5 Qce6# 0-1

[Event "GER-ch U12"]
[Site "Oberhof"]
[Date "2011.06.17"]
[Round "9"]
[White "Weiten, Anna"]
[Black "Boussonville, Anna"]
[Result "1/2-1/2"]
[WhiteElo "872"]
[BlackElo "996"]
[PlyCount "100"]
[EventDate "2011.06.11"]
[EventType "swiss"]
[EventRounds "11"]
[EventCountry "GER"]
[SourceTitle "CBM 142 Extra"]
[Source "ChessBase"]
[SourceDate "2011.06.27"]
[SourceVersion "1"]
[SourceVersionDate "2011.06.27"]
[SourceQuality "1"]

1. e4 e5 2. Nf3 Nc6 3. Bc4 Bc5 4. Nc3 Nf6 5. d3 h6 6. Be3 Bb6 7. Bxb6 axb6 8. Qd2 d6 9. 0-0-0 Bg4 10. Qe3 Nd4 11. Rde1 Nxf3 12. gxf3 Be6 13. Bxe6 fxe6 14. Rhg1 g5 15. h3 c5 16. a3 Qd7 17. Re2 b5 18. b4 Rxa3 19. Nb1 Ra6 20. bxc5 dxc5 21. Qxc5 Qc6 22. Qxc6+ bxc6 23. c4 bxc4 24. dxc4 Ra4 25. Rc2 Ke7 26. c5 Rb8 27. Kd2 Ra1 28. Rcc1 Rb2+ 29. Kc3 Rb5 30. Kc4 Ra4+ 31. Kd3 Rb3+ 32. Rc3 Rxc3+ 33. Nxc3 Ra5 34. Kc4 Kd7 35. Rb1 Kc7 36. Rb4 h5 37. Ra4 Rxa4+ 38. Nxa4 g4 39. fxg4 hxg4 40. hxg4 Nxg4 41. f3 Ne3+ 42. Kd3 Nf1 43. Ke2 Ng3+ 44. Ke3 Kb7 45. f4 exf4+ 46. Kxf4 Nh5+ 47. Ke5 Ng3 48. Kd4 Kc7 49. e5 Kd7 50. Nb6+ Ke7 1/2-1/2

[Event "GER-ch U12"]
[Site "Oberhof"]
[Date "2011.06.12"]
[Round "2"]
[White "Boussonville, Anna"]
[Black "Sadewasser, Lucie"]
[Result "1/2-1/2"]
[WhiteElo "996"]
[BlackElo "1361"]
[PlyCount "80"]
[EventDate "2011.06.11"]
[EventType "swiss"]
[EventRounds "11"]
[EventCountry "GER"]
[SourceTitle "CBM 142 Extra"]
[Source "ChessBase"]
[SourceDate "2011.06.27"]
[SourceVersion "1"]
[SourceVersionDate "2011.06.27"]
[SourceQuality "1"]

1. e4 e5 2. Nf3 Nc6 3. Bc4 Bc5 4. Nc3 Nf6 5. 0-0 0-0 6. d3 h6 7. Be3 Bb6 8. h3 d6 9. Re1 Re8 10. a3 a6 11. a4 Bd7 12. Qd2 Bxe3 13. fxe3 Qc8 14. Rf1 Be6 15. Bxe6 Rxe6 16. Nd5 Ne7 17. Nxf6+ Rxf6 18. Rf2 Qd8 19. Raf1 Ng6 20. Qe2 Qd7 21. b3 Re8 22. Nh2 Ree6 23. Rxf6 Rxf6 24. Rxf6 gxf6 25. Ng4 Kg7 26. Qf2 Qe6 27. c4 c6 28. b4 h5 29. Nh2 b5 30. axb5 axb5 31. cxb5 cxb5 32. Nf3 Qb3 33. Qd2 Qe6 34. Qf2 d5 35. Qe2 dxe4 36. dxe4 Qc4 37. Qxc4 bxc4 38. Kf1 c3 39. Ke1 Ne7 40. Kd1 Nc6 1/2-1/2

[Event "GER-chT U14 Girls"]
[Site "Gross Doelln"]
[Date "2010.12.28"]
[Round "3.2"]
[White "Boussonville, Anna"]
[Black "Thole, Ann Christin"]
[Result "0-1"]
[WhiteElo "1023"]
[BlackElo "1288"]
[PlyCount "98"]
[EventDate "2010.12.27"]
[EventType "team-swiss"]
[EventRounds "7"]
[EventCountry "GER"]
[SourceTitle "CBM 140 Extra"]
[Source "ChessBase"]
[SourceDate "2011.03.01"]
[SourceVersion "1"]
[SourceVersionDate "2011.03.01"]
[SourceQuality "1"]
[WhiteTeam "Homburg Erbach"]
[BlackTeam "Lingen"]
[WhiteTeamCountry "GER"]
[BlackTeamCountry "GER"]

1. e4 c5 2. Bc4 e6 3. Nc3 Nc6 4. Nf3 Nge7 5. d3 d5 6. exd5 exd5 7. Bb5 a6 8. Bxc6+ Nxc6 9. 0-0 Bg4 10. h3 Bh5 11. Qe1+ Be7 12. Bf4 Bxf3 13. gxf3 Nd4 14. Qd1 0-0 15. Re1 Ne6 16. Be5 d4 17. Ne4 Qd5 18. Bg3 f5 19. Nd2 f4 20. Bh2 Rf6 21. Ne4 Rg6+ 22. Kf1 Qh5 23. Bg1 Qxh3+ 24. Ke2 Ng5 25. Nxg5 Bxg5 26. Kd2 Re6 27. Kc1 Rae8 28. Rxe6 Qxe6 29. b3 Qe1 30. Qxe1 Rxe1+ 31. Kb2 Rxa1 32. Kxa1 h5 33. Bh2 Kf7 34. Kb1 Ke6 35. c4 h4 36. a4 h3 37. a5 Kf5 38. Kc1 Bh4 39. Kd2 Bxf2 40. Ke2 Bg3 41. Bxg3 fxg3 42. Kf1 Kf4 43. Kg1 Kxf3 44. Kh1 g2+ 45. Kh2 Kf2 46. Kxh3 g1Q 47. Kh4 Kf3 48. Kh5 Kf4 49. Kh4 Qh2# 0-1

[Event "GER-chT U14 Girls"]
[Site "Gross Doelln"]
[Date "2010.12.28"]
[Round "4.2"]
[White "Gadschisade, Natawan"]
[Black "Boussonville, Anna"]
[Result "1/2-1/2"]
[WhiteElo "1179"]
[BlackElo "1023"]
[PlyCount "31"]
[EventDate "2010.12.27"]
[EventType "team-swiss"]
[EventRounds "7"]
[EventCountry "GER"]
[SourceTitle "CBM 140 Extra"]
[Source "ChessBase"]
[SourceDate "2011.03.01"]
[SourceVersion "1"]
[SourceVersionDate "2011.03.01"]
[SourceQuality "1"]
[WhiteTeam "Koeln Porz"]
[BlackTeam "Homburg Erbach"]
[WhiteTeamCountry "GER"]
[BlackTeamCountry "GER"]

1. e4 e5 2. Nf3 Nc6 3. Bc4 Nf6 4. Ng5 d5 5. exd5 Nxd5 6. d3 Be7 7. Qf3 Be6 8. Nxe6 fxe6 9. Bb5 Bf6 10. c4 Ndb4 11. Bxc6+ bxc6 12. Na3 0-0 13. 0-0 Rb8 14. Rd1 Bh4 15. Qe2 Bxf2+ 16. Kh1 1/2-1/2

[Event "GER-chT U14 Girls"]
[Site "Gross Doelln"]
[Date "2010.12.27"]
[Round "1.2"]
[White "Hoelzer, Jeanette"]
[Black "Boussonville, Anna"]
[Result "1-0"]
[WhiteElo "1286"]
[BlackElo "1023"]
[PlyCount "129"]
[EventDate "2010.12.27"]
[EventType "team-swiss"]
[EventRounds "7"]
[EventCountry "GER"]
[SourceTitle "CBM 140 Extra"]
[Source "ChessBase"]
[SourceDate "2011.03.01"]
[SourceVersion "1"]
[SourceVersionDate "2011.03.01"]
[SourceQuality "1"]
[WhiteTeam "Hamburg Diogenes"]
[BlackTeam "Homburg Erbach"]
[WhiteTeamCountry "GER"]
[BlackTeamCountry "GER"]

1. e4 e5 2. Nf3 Nc6 3. Bc4 Nf6 4. Ng5 Qe7 5. Nxf7 Rg8 6. Ng5 Rh8 7. Nc3 h6 8. Nf3 d6 9. d3 Bg4 10. h3 Bh5 11. g4 Bf7 12. Bxf7+ Qxf7 13. Nh4 Be7 14. Nf5 Nd4 15. Nxd4 exd4 16. Nb5 Rc8 17. Nxd4 d5 18. e5 Nd7 19. e6 Qf6 20. exd7+ Kxd7 21. Nf5 Bc5 22. 0-0 Rce8 23. d4 Bd6 24. Nxd6 Qxd6 25. Be3 Re7 26. Qd2 Rhe8 27. Rae1 c6 28. Re2 Re6 29. Rfe1 R8e7 30. Qd3 a6 31. Bd2 b5 32. a3 Re8 33. Qf5 g6 34. Qd3 h5 35. Rxe6 Rxe6 36. Rxe6 Qxe6 37. gxh5 gxh5 38. Qh7+ Qe7 39. Qxe7+ Kxe7 40. Kg2 Ke6 41. Kg3 Kf5 42. f3 Kg6 43. Kh4 a5 44. Bxa5 Kh6 45. Bd2+ Kg6 46. b4 Kf6 47. Kxh5 Kf5 48. h4 Kf6 49. Kg4 Kg6 50. h5+ Kg7 51. Kg5 Kh7 52. f4 Kg7 53. f5 Kh7 54. f6 Kg8 55. Kg6 Kf8 56. h6 Kg8 57. f7+ Kf8 58. h7 Ke7 59. h8Q Ke6 60. Qf6+ Kd7 61. f8Q Kc7 62. Q8d6+ Kb6 63. Qc5+ Kc7 64. Qa7+ Kc8 65. Qf8# 1-0